000 00559nam a2200205Ia 4500
003 OSt
005 20220926021633.0
006 a|||||r|||| 00| 0
007 ta
008 220923b |||||||| |||| 00| 0 eng d
037 _cGeneral Book
040 _aRTL
_cRTL
_beng
041 _2eng
_aeng
082 _aVIN.5111.N54 J6, UN
245 0 _aYear book on human rights for 1954
260 _aNew York
_bUnited Nations
_c1956
300 _axvii,478p
_ccm.
942 _hVIN.5111.N54 J6, UN
_cGB
_2CC
999 _c637293
_d637293